| Tag |
First Indicator |
Second Indicator |
Subfields |
| LEADER |
00000cam a2200000 4500 |
| 001 |
in00000053278 |
| 005 |
20151007070159.0 |
| 008 |
750925s1961 wb ade b 00000 eng |
| 010 |
|
|
|a a 61005516
|
| 035 |
|
|
|a (OCoLC)01653753
|
| 035 |
|
|
|9 AAE3499AM
|
| 040 |
|
|
|a DLC
|c FQG
|d TXA
|d UtOrBLW
|
| 049 |
|
|
|a TXAM
|c [414406]
|
| 050 |
0 |
0 |
|a TA406
|b .W6
|
| 092 |
|
|
|a 535.4
|b W853s, 1961
|
| 100 |
1 |
|
|a Wolf, Helmut.
|
| 245 |
1 |
0 |
|a Spannungsoptik ;
|b ein Lehr- und Nachschlagebuch fur Forschung, Technik und Unterricht.
|
| 264 |
|
1 |
|a Berlin :
|b Springer,
|c 1961.
|
| 300 |
|
|
|a xix, 582 pages :
|b illustrations (part color) diagrams, tables. ;
|c 24 cm.
|
| 336 |
|
|
|a text
|b txt
|2 rdacontent
|
| 337 |
|
|
|a unmediated
|b n
|2 rdamedia
|
| 338 |
|
|
|a volume
|b nc
|2 rdacarrier
|
| 504 |
|
|
|a Bibliography: pages 510-563.
|
| 650 |
|
0 |
|a Photoelasticity.
|
| 999 |
|
|
|a MARS
|
| 999 |
f |
f |
|s 47cd228e-be69-3dde-997f-3787605be99d
|i e1ee4817-d157-3540-bdd5-5f5bf81cf1b7
|t 0
|
| 952 |
f |
f |
|p ric
|a Texas A&M University
|b Rellis Campus
|c Joint Library Facility
|d Remote Storage
|t 0
|e TA406 .W6
|h Library of Congress classification
|i unmediated -- volume
|m A14800917563
|
| 998 |
f |
f |
|a TA406 .W6
|t 0
|l Remote Storage
|